Filmes - Statistics

Estatísticas Gerais
  • Esse quiz foi jogado 720 vezes
  • A pontuação média é 8 de 15
Estatísticas das Respostas
Hint Resposta % Correto
👸🐸 A princesa e o sapo
92%
❄️🌨️⛄🍃👸👸 Frozen
92%
🦁👑 Rei Leão
90%
👸😴 Bela Adormecida
89%
👸🐀🐁🕛👠💎🤴 Cinderela
88%
🧜‍♀️🤴🐬🐠🦀 Pequena Sereia
81%
🚢👩👱‍♂️💗🚣‍♂️🏊‍♂️ Titanic
77%
🐀🥘 Ratatouille
69%
👧👉🍎😴 Branca de Neve e os Sete Anões
46%
🦁👩🏼🧑🏼👦🏻👧🏼 Crônicas de Nárnia
25%
🤠🤡🐂👱‍♀️👩🧑 Toy Story
21%
🐠🌊 À procura de Dory
14%
🤼‍♀️💪🏼㊙ Mulan
13%
🏴‍☠️☠🚢🧭 Piratas das Caraíbas
5%
👩🏻‍🦰🏹🏹 Brave indomável
4%
Nenhum quiz correspondente encontrado
Distribuição das Pontuações
Porcentagem de Pessoas com Cada Pontuação
Percentil de Números Respondidos
Sua Pontuação Histórica
Você não jogou esse quiz